|
|
|
|
| LEADER |
00000nab a2200000 a 4500 |
| 001 |
vtls001026953 |
| 003 |
SK-MaSNL |
| 005 |
20260303040117.0 |
| 008 |
040720e20000316xo 0 slo |
| 035 |
|
|
|a SL5507
|
| 040 |
|
|
|a SLLK
|b slo
|c SLLK
|e AACR2
|
| 041 |
0 |
|
|a slo
|
| 044 |
|
|
|a xo
|c SK
|
| 080 |
|
|
|a 255(091)
|2 1981
|
| 100 |
0 |
|
|a (P.M.)
|4 aut
|9 968888
|
| 245 |
1 |
0 |
|a Bratstvo svätého ruženca
|
| 518 |
|
|
|a stor. 17.
|
| 650 |
0 |
7 |
|a rekatolizácia
|2 SLLK
|9 29768
|
| 650 |
0 |
7 |
|a Bratstvo sv. ruženca
|2 SLLK
|9 1023724
|
| 650 |
0 |
7 |
|a stanovy
|2 SLLK
|9 28030
|
| 650 |
0 |
7 |
|a príspevky
|2 SLLK
|9 878241
|
| 651 |
|
7 |
|a Stará Ľubovňa (Slovensko)
|2 SLLK
|9 19193
|
| 651 |
|
7 |
|a SL,
|2 SLLK
|9 1022390
|
| 655 |
|
7 |
|a periodikum
|2 snkbucl
|9 29553
|
| 773 |
0 |
8 |
|t Ľubovnianske noviny
|g Roč. 26, č.10, 16.3.2000, s. 2
|
| 852 |
|
|
|a ZVYKNI
|b KIS3GCP
|
| 999 |
|
|
|c 1680452
|d 1682382
|